000 00832nam a2200277 i 4500
001 000047637
003 DO-SdBNP
005 20251028100336.0
007 ta
008 110425s19uu dr 000 0 spa d
040 _aDO-SdBNP
_bspa
_cBNPHU
_erda
041 _aspa
082 _a923.27293
_bM524c,
_222
100 1 _aGrullón, Ruddy
_eautor
_911028
245 1 0 _aMella :
_bheroe militar /
_cRuddy Grullón.
264 _aSanto Domingo :
_b[Editora descocida],
_c[fecha desconocida].
300 _a20 páginas ;
_c21 cm.
336 _ardacontent
_btexto
_2txt
337 _ardamedia
_bsin mediación
_2n
338 _ardacarrier
_bvolumen
_2nc
590 _aInventariado, 2018/VM
600 1 0 _aMella, Matías Ramón,
_d1816-1864
_91264
651 4 _aRepública Dominicana
_vBIOGRAFÍAS
_91083
910 _aVM
942 _2ddc
_cLF2
999 _c47125
_d47125